Poistenie v medzinárodnej cestnej nákladnej doprave
Vybrané druhy poistenia, ktoré sú potrebné na zabezpečenie plynulého chodu dopravnej spoločnosti. Poistenie, druhy poistenia. Charakteristika vybraných poistení pre dopravcov. Povinné zmluvné poistenie. Havarijné poistenie.
Na minha lista:
| Autor principal: | |
|---|---|
| Formato: | Capítulo de Livro |
| Idioma: | eslovaco |
| Assuntos: | |
| Tags: |
Sem tags, seja o primeiro a adicionar uma tag!
|
MARC
| LEADER | 00000nla$a2200000$$$4500 | ||
|---|---|---|---|
| 001 | 0105238 | ||
| 005 | 20240502072147.0 | ||
| 041 | 0 | |a slo | |
| 044 | |a SK | ||
| 245 | 1 | 0 | |a Poistenie v medzinárodnej cestnej nákladnej doprave |c Jana Slaninková |
| 520 | |a Vybrané druhy poistenia, ktoré sú potrebné na zabezpečenie plynulého chodu dopravnej spoločnosti. Poistenie, druhy poistenia. Charakteristika vybraných poistení pre dopravcov. Povinné zmluvné poistenie. Havarijné poistenie. | ||
| 610 | 2 | 0 | |a doprava cestná nákladná |
| 610 | 2 | 0 | |a doprava medzinárodná |
| 610 | 2 | 0 | |a spoločnosti dopravné |
| 610 | 2 | 0 | |a poistenie povinné zmluvné |
| 610 | 2 | 0 | |a poistenie havarijné |
| 100 | 1 | |a Slaninková, Jana | |